00813nam a22002297a 4500003000400000005001700004007000200021008004100023020001800064040006600082050002200148245014100170260003600311264001000347300007500357336002600432337002800458338003700486546001100523700002400534700002500558OSt20260317124505.0a260317b |||||||| |||| 00| 0 eng d a9783905770018 aFoundation UniversitybengcFoundation UniversitydFULiberda aNX 620b.2007 K8600aKunst und Öffentlichkeit – kritische praxis der Kunst im Stadtraum Zürich /cedited by Christoph Schenker and Michael Hiltbrunner. aZürich :bJRP/Ringier,c2007. 42007. 3resourcea454 pages :billustrations (chiefly color) ;c24 cm.fvolume 2rdacontentatextbtxt 2rdamediaaunmediatedbn 2rdacarrier3resourceavolumebnc aGerman aSchenker, Christoph aHiltbrunner, Michael